LEADER 00729cam0 22002413 450 001 SOB017786 005 20210727103901.0 100 $a20040211d1983 |||||ita|0103 ba 101 $aeng 102 $aUK 200 1 $aJohn Fletcher$fAlain Robbe-Grillet 210 $aLondon$cNew York$d1983 215 $a91 p.$d20 cm 700 1$aRobbe[-]Grillet$b, Alain$3AF00011557$4070$0202018 801 0$aIT$bUNISOB$c20210727$gRICA 850 $aUNISOB 852 $aUNISOB$j820$m110366 912 $aSOB017786 940 $aM 102 Monografia moderna SBN 941 $aM 957 $a820$b001979$gSI$d110366$rdono Corrado$1Alfano$2UNISOB$3UNISOB$420150527081229.0$520150527081255.0$6Alfano 996 $aJohn Fletcher$91675990 997 $aUNISOB